Návrh opatrení na zdokonalenie systému vnútropodnikovej komunikácie v podniku Bel Power Solutions, s.r.o.

Guardado en:
Detalles Bibliográficos
Autor principal: Lukáč, Patrik (Autor)
Otros Autores: Homokyová, Mária (Orientador)
Formato: Manuscrito Libro
Lenguaje:eslovaco
Publicado: 2018
Materias:
Acceso en línea:http://is.stuba.sk/zp/portal_zp.pl?podrobnosti=129713
Etiquetas: Agregar Etiqueta
Sin Etiquetas, Sea el primero en etiquetar este registro!

MARC

LEADER 00000ntm a22000003a 4500
001 stuzp68740
003 SK-STU
005 20180820160622.2
007 ta
008 150427s2015----xo-----f-mn---000-0-slo-d
040 |a STU  |b slo 
041 0 |a slo 
100 1 |a Lukáč, Patrik  |u 064000  |4 aut  |U MTF Materiálovotechnologická fakulta  |T MTF Ústav priemyselného inžinierstva a manažmentu  |X 82827  |U M4000  |Y 84  |7 82827 
242 0 1 |a Draft measures to improve the communication system in the enterprise Bel Power Solutions, s.r.o.  |y eng 
245 1 0 |a Návrh opatrení na zdokonalenie systému vnútropodnikovej komunikácie v podniku Bel Power Solutions, s.r.o. 
260 |c 2018 
650 4 |a Podnik  |2 slo 
650 4 |a Komunikácia  |2 slo 
650 4 |a Vnútropodniková komunikácia  |2 slo 
650 4 |a Communication  |2 eng 
650 4 |a In-plant communication  |2 eng 
650 4 |a Company  |2 eng 
700 1 |a Homokyová, Mária  |u 064000  |k Z1  |4 ths  |U MTF Materiálovotechnologická fakulta  |T MTF Ústav priemyselného inžinierstva a manažmentu  |X 2756  |U M4000  |Y 84  |7 A000002756 
856 4 |u http://is.stuba.sk/zp/portal_zp.pl?podrobnosti=129713 
996 |c M* BP-8476  |l MMSKP  |s P  |a 0  |w stuzp68740_0001